Statistics for Italian Serie A Updated 2015/16

Click here to take the quiz!

General Stats

  • This quiz has been taken 15 times
  • The average score is 16 of 20

Answer Stats

HintAnswer% Correct
ACF Fiorentina
100%
AC Milan
100%
AS Roma
100%
FC Internazionale
100%
Juventus FC
100%
Genoa CFC
87%
Hellas Verona FC
87%
SSC Napoli
87%
SS Lazio
87%
Udinese Calcio
87%
Bologna FC 1909
80%
Torino FC
80%
UC Sampdoria
80%
US Città di Palermo
80%
AC Chievo Verona
73%
US Sassuolo
67%
Atalanta BC
60%
Empoli FC
60%
Frosinone Calcio
60%
Carpi FC 1909
53%

Score Distribution

Percentile by Number Answered

Percent of People with Each Score

Your Score History

You have not taken this quiz